000 00618nam a2200229Ia 4500
003 OSt
005 20230602110653.0
008 210423s2003 xx 000 0 und d
020 _a0-7619-4766-3
040 _cAL
041 _aeng
082 _a307.14 MOSR
100 _aMOSELEY (Malcolm J)
_9118687
245 _aRural development: principles and practice
260 _aLondon
_bSage Publications
_c2003
300 _axii,227
_bHB
365 _b9495
_cGBP
650 _aCommunities
_9118688
650 _aSocial Sciences
_9118689
906 _adevelopment: ; practice ; principles ; Rural
942 _2ddc
_cBK
999 _c176472
_d176472